| 000 | 00532nam a22001697a 4500 | ||
|---|---|---|---|
| 008 | 130821s enk gr eng | ||
| 040 |
_aCo-BoUCM _bspa |
||
| 041 | 0 | 0 | _aeng |
| 245 | 0 | 0 | _aACentury of Creepy stories |
| 260 |
_aLondres (Inglaterra) _bHutchenson _c[fecha desconocida] |
||
| 300 | _a1178 páginas | ||
| 650 | 0 | 4 |
_aColecciones de escritos _911112 |
| 650 | 0 | 4 |
_aLiteratura inglesa _9272 |
| 651 |
_aAtlántico (Colombia) _926786 |
||
| 942 |
_cLIBRO _a18 _e1 _mA23 _n0 _2DEWEY _h820 |
||
| 999 |
_c85848 _d85848 |
||